00414pab a2200157 454500008004000000100001600040245003400056260000900090300001300099362001200112650002500124650002800149650002000177700002000197773003900217180718b1996 xxu||||| |||| 00| 0 eng d aDutta, L.N. aHealth care services in India c1996 ap.139-45 aJul-Dec aMedical care - India aHealth services - India aHealth services aMahapatra, R.N. aPolitical Economy Journal of India